[Event "Borup Skovbo op"]
[Site "Borup"]
[Date "2014.09.13"]
[Round "8"]
[White "Simonsen, Per"]
[Black "Jorgensen, Orla Eilegaard"]
[Result "1-0"]
[WhiteElo "1869"]
[BlackElo "1568"]
[PlyCount "121"]
[EventDate "2014.09.05"]
[EventType "swiss"]
[EventRounds "9"]
[EventCountry "DEN"]
[SourceTitle "CBM 162 Extra"]
[Source "ChessBase"]
[SourceDate "2014.10.17"]
[SourceVersion "1"]
[SourceVersionDate "2014.10.17"]
[SourceQuality "1"]

1. d4 d5 2. c4 c6 3. Nc3 Nf6 4. Nf3 Nbd7 5. b3 e6 6. a3 Ne4 7. Nxe4 dxe4 8. Ng5 Nf6 9. f3 exf3 10. Nxf3 c5 11. e3 b6 12. Bb2 Bb7 13. Bd3 Be7 14. 0-0 Ng4 15. Qe2 Qc7 16. Ne5 Nxe5 17. dxe5 0-0 18. Qh5 g6 19. Qh3 Rad8 20. e4 Rd7 21. Rad1 Rfd8 22. Qf3 Bf8 23. Bc2 Bh6 24. Bc3 Bg7 25. Qg3 Rxd1 26. Rxd1 Rxd1+ 27. Bxd1 Bxe4 28. Qg4 Bxe5 29. Qxe4 Bxc3 30. Bf3 Bd4+ 31. Kh1 Qe7 32. g3 Kg7 33. h4 Qd6 34. Kg2 Be5 35. Qe1 h5 36. g4 hxg4 37. Bxg4 Qd4 38. Qf1 f6 39. h5 gxh5 40. Bxh5 Qf4 41. Qe2 Kf8 42. Qd1 Bd4 43. Qf3 Qxf3+ 44. Kxf3 Kg7 45. Kf4 a6 46. a4 Be5+ 47. Ke4 Kh6 48. Bf7 Kg5 49. Bxe6 Bb2 50. Bf5 Be5 51. Bc8 a5 52. Kd5 Bc7 53. Kc6 Bd8 54. Kd7 f5 55. Kxd8 f4 56. Bb7 Kf5 57. Kc7 Ke5 58. Kxb6 Kd4 59. Kxa5 Kc3 60. Kb5 Kxb3 61. a5 1-0

[Event "Borup Skovbo op"]
[Site "Borup"]
[Date "2014.09.06"]
[Round "3"]
[White "Jepson, Christian"]
[Black "Simonsen, Per"]
[Result "1-0"]
[WhiteElo "2406"]
[BlackElo "1869"]
[PlyCount "49"]
[EventDate "2014.09.05"]
[EventType "swiss"]
[EventRounds "9"]
[EventCountry "DEN"]
[SourceTitle "CBM 162 Extra"]
[Source "ChessBase"]
[SourceDate "2014.10.17"]
[SourceVersion "1"]
[SourceVersionDate "2014.10.17"]
[SourceQuality "1"]

1. d4 Nf6 2. Nf3 e6 3. c4 d5 4. Nc3 c6 5. Bg5 Qa5 6. Bxf6 gxf6 7. e3 Nd7 8. Qc2 f5 9. cxd5 cxd5 10. Rc1 Be7 11. Be2 Nf6 12. 0-0 a6 13. Ne5 Bd7 14. f3 Rc8 15. Qd2 Bc6 16. a3 Rg8 17. Ne4 Qxd2 18. Nxd2 Bd7 19. Rxc8+ Bxc8 20. Rc1 Bd7 21. Rc7 b5 22. Ra7 b4 23. Bxa6 bxa3 24. bxa3 Bxa3 25. Nxd7 1-0

[Event "Politiken Cup 33rd"]
[Site "Helsingor"]
[Date "2011.08.01"]
[Round "4"]
[White "Holm, Henrik"]
[Black "Simonsen, Per"]
[Result "1/2-1/2"]
[WhiteElo "1853"]
[BlackElo "1912"]
[PlyCount "108"]
[EventDate "2011.07.30"]
[EventType "swiss"]
[EventRounds "10"]
[EventCountry "DEN"]
[SourceTitle "CBM 143 Extra"]
[Source "ChessBase"]
[SourceDate "2011.08.29"]
[SourceVersion "1"]
[SourceVersionDate "2011.08.29"]
[SourceQuality "1"]

1. e4 c5 2. Nf3 Nc6 3. d4 cxd4 4. Nxd4 Nf6 5. Nc3 a6 6. Be3 e5 7. Nb3 d6 8. Be2 Be6 9. f3 Rc8 10. 0-0 h6 11. Qd2 g5 12. Rad1 Nh5 13. g3 Bh3 14. Rf2 Ng7 15. Nd5 Be7 16. c3 Ne6 17. Nxe7 Kxe7 18. Bf1 Bxf1 19. Rfxf1 f6 20. Qg2 Qc7 21. Rf2 Rcd8 22. Rfd2 h5 23. Qf2 Qb8 24. Bb6 Nc7 25. Rd3 h4 26. g4 Ke6 27. Qd2 Ne8 28. Nc5+ Ke7 29. Bxd8+ Nxd8 30. Nb3 Ne6 31. Qe3 Nf4 32. R3d2 Qc7 33. Nc1 Ke6 34. Ne2 Nxe2+ 35. Qxe2 Qc5+ 36. Kh1 Rh7 37. Qd3 Rc7 38. Qe2 Qc4 39. Qxc4+ Rxc4 40. Rd3 Rc6 41. Kg1 Rc4 42. b3 Rc6 43. Kf2 Rc7 44. Ke3 Rc8 45. Kd2 Rc7 46. Kc2 b6 47. Kb2 Rc6 48. b4 Rc8 49. Kb3 Rc7 50. a4 Rc8 51. a5 b5 52. Rc1 Rc4 53. Rcd1 Ke7 54. R1d2 Ke6 1/2-1/2

[Event "Baltic Sea Cup"]
[Site "Ronne"]
[Date "2007.08.01"]
[Round "3.46"]
[White "Simonsen, Per"]
[Black "Pieri, Enzo"]
[Result "1-0"]
[WhiteElo "2023"]
[BlackElo "1909"]
[PlyCount "75"]
[EventDate "2007.07.30"]
[EventType "swiss"]
[EventRounds "9"]
[EventCountry "DEN"]
[SourceTitle "EXT 2023"]
[Source "ChessBase"]
[SourceDate "2022.10.05"]
[SourceVersion "1"]
[SourceVersionDate "2022.10.05"]
[SourceQuality "1"]

1. d4 d5 2. c4 e6 3. Nc3 Nf6 4. Bg5 Be7 5. Nf3 Nbd7 6. e3 0-0 7. Qc2 Re8 8. 0-0-0 a6 9. Bd3 dxc4 10. Bxc4 b5 11. Bd3 Bb7 12. Ne5 g6 13. f3 c5 14. Kb1 c4 15. Be2 Nd5 16. Bxe7 Nxc3+ 17. bxc3 Qxe7 18. Nxd7 Qxd7 19. h4 h5 20. Ka1 Qc7 21. e4 a5 22. g4 hxg4 23. fxg4 Qf4 24. Rhf1 Qxe4 25. Qd2 Bd5 26. h5 Kg7 27. Rf4 Qg2 28. Rdf1 f5 29. R4f2 Qg3 30. hxg6 Be4 31. gxf5 exf5 32. Bf3 Bxf3 33. Rxf3 Qg4 34. Rxf5 Ra7 35. Qf2 Ree7 36. Rf7+ Rxf7 37. gxf7 Kf8 38. Rg1 1-0

[Event "North Sea Cup 22nd"]
[Site "Esbjerg"]
[Date "2007.07.14"]
[Round "2"]
[White "Simonsen, Per"]
[Black "Rendboe, John Filip"]
[Result "0-1"]
[WhiteElo "2023"]
[BlackElo "2215"]
[PlyCount "88"]
[EventDate "2007.07.13"]
[EventType "swiss"]
[EventRounds "10"]
[EventCountry "DEN"]
[SourceTitle "CBM 119 Extra"]
[Source "ChessBase"]
[SourceDate "2007.09.04"]
[SourceVersion "1"]
[SourceVersionDate "2007.09.04"]
[SourceQuality "1"]

1. d4 Nf6 2. c4 e6 3. Nc3 d5 4. Bg5 Be7 5. e3 0-0 6. Nf3 h6 7. Bh4 b6 8. cxd5 Nxd5 9. Bxe7 Qxe7 10. Nxd5 exd5 11. Qc2 c5 12. Rc1 Nd7 13. Be2 Bb7 14. 0-0 Rfc8 15. Qf5 g6 16. Qf4 Kg7 17. Bd3 Qf6 18. Qg3 a6 19. h4 Rc6 20. h5 Re8 21. Rfd1 Ba8 22. Bb1 Qd6 23. Qxd6 Rxd6 24. hxg6 fxg6 25. Rd2 Bb7 26. a3 c4 27. Kh2 b5 28. b4 a5 29. Rb2 Ra8 30. Bc2 Rb6 31. Rcb1 axb4 32. axb4 Rba6 33. Kg3 Kf6 34. Ng1 Ra3 35. Ne2 g5 36. Kf3 h5 37. Ng3 h4 38. Nh5+ Ke7 39. Kg4 Nf6+ 40. Nxf6 Kxf6 41. Bf5 Bc6 42. Bh7 Rh8 43. Bf5 h3 44. g3 Be8 0-1

[Event "DEN-ch B7 Gr1 "]
[Site "Koge"]
[Date "2004.04.??"]
[Round "5"]
[White "Simonsen, Per"]
[Black "Kaarsberg, Allan"]
[Result "0-1"]
[WhiteElo "1734"]
[BlackElo "1739"]
[PlyCount "28"]
[EventDate "2004.04.08"]
[EventType "swiss"]
[EventRounds "7"]
[EventCountry "DEN"]
[SourceTitle "EXT 2023"]
[Source "ChessBase"]
[SourceDate "2022.10.05"]
[SourceVersion "1"]
[SourceVersionDate "2022.10.05"]
[SourceQuality "1"]

1. d4 Nf6 2. c4 e5 3. dxe5 Ne4 4. Qc2 d5 5. exd6 Bf5 6. Qa4+ Nc6 7. Be3 Bxd6 8. Nd2 Bb4 9. Ngf3 0-0 10. 0-0-0 Qe7 11. a3 Nc3 12. Qb3 Na5 13. axb4 Nxb3+ 14. Nxb3 Na2+ 0-1

[Event "Ronne Jubilaum"]
[Site "Ronne"]
[Date "2001.06.27"]
[Round "6"]
[White "Jensen, Jan Kargaard"]
[Black "Simonsen, Per"]
[Result "1/2-1/2"]
[WhiteElo "1644"]
[BlackElo "1723"]
[PlyCount "68"]
[EventDate "2001.06.24"]
[EventType "swiss"]
[EventRounds "9"]
[EventCountry "DEN"]
[SourceTitle "EXT 2023"]
[Source "ChessBase"]
[SourceDate "2022.10.05"]
[SourceVersion "1"]
[SourceVersionDate "2022.10.05"]
[SourceQuality "1"]

1. d4 d5 2. g3 Nf6 3. Bg2 e6 4. Nf3 c5 5. e3 Nc6 6. 0-0 b5 7. dxc5 Bxc5 8. Nd4 Qb6 9. Nxc6 Qxc6 10. Nd2 Ba6 11. Re1 Rd8 12. c3 Be7 13. Qb3 0-0 14. e4 Qb6 15. exd5 Bc5 16. Re2 exd5 17. Nf1 b4 18. Rd2 Ng4 19. Qc2 Rfe8 20. Qf5 Bxf1 21. Bxf1 Nf6 22. cxb4 Qxb4 23. a3 Qb6 24. b4 Bd4 25. Bb2 Bxb2 26. Rxb2 Qd4 27. Qc2 Rc8 28. Qd2 Qe5 29. Bg2 Ne4 30. Bxe4 dxe4 31. Rab1 Red8 32. Qe2 Rd3 33. Rb3 Rxb3 34. Rxb3 Rc1+ 1/2-1/2

[Event "Ronne Jubilaum"]
[Site "Ronne"]
[Date "2001.06.25"]
[Round "3"]
[White "Simonsen, Per"]
[Black "Erikstad, Olav Age"]
[Result "0-1"]
[WhiteElo "1723"]
[BlackElo "1548"]
[PlyCount "70"]
[EventDate "2001.06.24"]
[EventType "swiss"]
[EventRounds "9"]
[EventCountry "DEN"]
[SourceTitle "EXT 2023"]
[Source "ChessBase"]
[SourceDate "2022.10.05"]
[SourceVersion "1"]
[SourceVersionDate "2022.10.05"]
[SourceQuality "1"]

1. d4 c6 2. c4 d5 3. Nf3 Nf6 4. Nc3 e6 5. Bg5 Nbd7 6. e3 Bb4 7. a3 Bxc3+ 8. bxc3 Qa5 9. Rc1 dxc4 10. Bxc4 Ne4 11. Bf4 Qxa3 12. 0-0 b5 13. Qc2 Nef6 14. Bd3 Bb7 15. Ne5 Nxe5 16. Bxe5 Qe7 17. h3 a6 18. c4 Nd7 19. Bh2 c5 20. cxb5 Qg5 21. e4 cxd4 22. bxa6 Rxa6 23. Bxa6 Bxa6 24. Qa4 Bxf1 25. Rc8+ Ke7 26. Qb4+ Kf6 27. e5+ Kg6 28. Qb1+ f5 29. exf6+ Kxf6 30. Kxf1 Rxc8 31. f4 Qg6 32. Qd1 Qe4 33. Bg3 Qe3 34. Bh4+ Kf7 35. Qh5+ Kf8 0-1

[Event "Taastrup op"]
[Site "Taastrup"]
[Date "2001.02.09"]
[Round "7"]
[White "Holst, Thorsten"]
[Black "Simonsen, Per"]
[Result "0-1"]
[WhiteElo "1535"]
[BlackElo "1852"]
[PlyCount "25"]
[EventDate "2001.01.19"]
[EventType "swiss"]
[EventRounds "9"]
[EventCountry "DEN"]
[SourceTitle "EXT 2018"]
[Source "ChessBase"]
[SourceDate "2017.10.13"]
[SourceVersion "1"]
[SourceVersionDate "2017.10.13"]
[SourceQuality "1"]

1. e4 e5 2. Nf3 Nc6 3. d4 exd4 4. Nxd4 Bc5 5. Be3 Qf6 6. c3 Nge7 7. Bc4 Ne5 8. Bb3 d6 9. 0-0 c6 10. Qe1 g5 11. f4 gxf4 12. Rxf4 Qg6 13. Qf1 0-1

[Event "Taastrup op"]
[Site "Taastrup"]
[Date "2001.01.20"]
[Round "2"]
[White "Simonsen, Per"]
[Black "Moller, Arne Vagn"]
[Result "0-1"]
[WhiteElo "1852"]
[BlackElo "2026"]
[PlyCount "84"]
[EventDate "2001.01.19"]
[EventType "swiss"]
[EventRounds "9"]
[EventCountry "DEN"]
[SourceTitle "EXT 2018"]
[Source "ChessBase"]
[SourceDate "2017.10.13"]
[SourceVersion "1"]
[SourceVersionDate "2017.10.13"]
[SourceQuality "1"]

1. d4 Nf6 2. c4 e6 3. Nc3 Bb4 4. Bg5 h6 5. Bh4 d5 6. e3 0-0 7. Nf3 Be7 8. Qc2 c6 9. 0-0-0 dxc4 10. Bxc4 b5 11. Bd3 a5 12. Ne5 Qb6 13. g4 g5 14. Bg3 Bb7 15. h4 Na6 16. hxg5 hxg5 17. Ne4 Nb4 18. Nxf6+ Bxf6 19. Nd7 Nxc2 20. Nxb6 Nb4 21. Nxa8 Nxd3+ 22. Rxd3 c5 23. Rg1 c4 24. Ra3 Rxa8 25. Bc7 a4 26. Bd6 Rd8 27. Bc5 Bd5 28. f3 e5 29. e4 exd4 30. exd5 Rxd5 31. Bb4 Re5 32. Re1 Rd5 33. Re4 Kg7 34. Kd2 c3+ 35. Kd3 cxb2 36. Kc2 d3+ 37. Kb1 d2 38. Bxd2 Rxd2 39. Re1 Rf2 40. Rc3 Bxc3 41. Re3 Rf1+ 42. Kc2 b1Q+ 0-1

[Event "Skovlunde Pinse A"]
[Site "Skovlunde"]
[Date "2000.06.12"]
[Round "4"]
[White "Nilsson, Nils Specht"]
[Black "Simonsen, Per"]
[Result "1-0"]
[WhiteElo "2191"]
[BlackElo "1970"]
[PlyCount "43"]
[EventDate "2000.06.10"]
[EventType "tourn"]
[EventRounds "5"]
[EventCountry "DEN"]
[SourceTitle "EXT 2023"]
[Source "ChessBase"]
[SourceDate "2022.10.05"]
[SourceVersion "1"]
[SourceVersionDate "2022.10.05"]
[SourceQuality "1"]

1. d4 Nf6 2. c4 e6 3. Nc3 c5 4. d5 exd5 5. cxd5 d6 6. e4 g6 7. Nf3 Bg7 8. Bb5+ Nbd7 9. Bf4 Qa5 10. Qb3 Ke7 11. 0-0 a6 12. Bxd7 Nxd7 13. e5 Nxe5 14. Bxe5 dxe5 15. d6+ Kxd6 16. Qxf7 Qc7 17. Nxe5 Bxe5 18. Qd5+ Ke7 19. Rae1 Kf6 20. Rxe5 Qxe5 21. Ne4+ Kf5 22. Nd6+ 1-0

[Event "Skovlunde Pinse A"]
[Site "Skovlunde"]
[Date "2000.06.11"]
[Round "2"]
[White "Andersen, Daniel"]
[Black "Simonsen, Per"]
[Result "1-0"]
[WhiteElo "2068"]
[BlackElo "1970"]
[PlyCount "93"]
[EventDate "2000.06.10"]
[EventType "tourn"]
[EventRounds "5"]
[EventCountry "DEN"]
[SourceTitle "EXT 2023"]
[Source "ChessBase"]
[SourceDate "2022.10.05"]
[SourceVersion "1"]
[SourceVersionDate "2022.10.05"]
[SourceQuality "1"]

1. c4 e5 2. g3 c6 3. Bg2 d5 4. cxd5 cxd5 5. Qb3 Ne7 6. Nc3 Be6 7. Qxb7 Nbc6 8. Qb5 Rb8 9. Qa4 Rb4 10. Qd1 d4 11. Nb1 g6 12. d3 Bg7 13. Nf3 0-0 14. 0-0 h6 15. Nbd2 f5 16. Qc2 Bd5 17. Ne1 Qd7 18. a3 Rb7 19. Nc4 Rc8 20. Bd2 Qe6 21. Bxd5 Nxd5 22. Ng2 Nf6 23. Rab1 g5 24. b4 f4 25. Rfc1 e4 26. gxf4 Ne7 27. fxg5 Ng4 28. f3 e3 29. fxg4 Qxg4 30. Be1 hxg5 31. Bg3 Kh7 32. Qd1 Rf8 33. Nd6 Rd7 34. Rc5 Ng6 35. Ne4 Bh6 36. Rc6 Rdf7 37. Qe1 Bg7 38. Rc5 Bh6 39. Rbc1 Nf4 40. Bxf4 gxf4 41. Rc7 Qg7 42. Rxf7 Rxf7 43. Rc6 f3 44. exf3 Rxf3 45. Qe2 Rf4 46. Qh5 Rf8 47. h4 1-0

[Event "Skovlunde Pinse A"]
[Site "Skovlunde"]
[Date "2000.06.11"]
[Round "3"]
[White "Simonsen, Per"]
[Black "Nolsoe, Eydun"]
[Result "1/2-1/2"]
[WhiteElo "1970"]
[BlackElo "2123"]
[PlyCount "78"]
[EventDate "2000.06.10"]
[EventType "tourn"]
[EventRounds "5"]
[EventCountry "DEN"]
[SourceTitle "EXT 2023"]
[Source "ChessBase"]
[SourceDate "2022.10.05"]
[SourceVersion "1"]
[SourceVersionDate "2022.10.05"]
[SourceQuality "1"]

1. d4 Nf6 2. c4 e6 3. Nc3 Bb4 4. Bg5 d5 5. e3 0-0 6. Nf3 Nbd7 7. Qc2 h6 8. Bh4 c6 9. a3 Qa5 10. Nd2 Re8 11. f4 Ne4 12. Ndxe4 dxe4 13. Be2 Bxc3+ 14. bxc3 f5 15. Bh5 Rf8 16. Be7 Rf7 17. Bxf7+ Kxf7 18. Bh4 c5 19. 0-0 b6 20. Qb3 Ba6 21. Rfb1 Rc8 22. d5 exd5 23. cxd5 c4 24. Qb4 Qc5 25. Kf2 Qf8 26. Qxf8+ Rxf8 27. d6 Nc5 28. Be7 Nd3+ 29. Ke2 Rg8 30. h4 h5 31. a4 Ke6 32. a5 b5 33. Rh1 Bb7 34. a6 Bc6 35. Rhb1 Rb8 36. Ra5 g6 37. g3 Bd7 38. Kd2 Bc6 39. Kc2 Kd7 1/2-1/2

[Event "Taastrup op"]
[Site "Taastrup"]
[Date "2000.02.11"]
[Round "7"]
[White "Simonsen, Per"]
[Black "Jensen, Soren G"]
[Result "1/2-1/2"]
[WhiteElo "1901"]
[BlackElo "2161"]
[PlyCount "62"]
[EventDate "2000.01.21"]
[EventType "swiss"]
[EventRounds "9"]
[EventCountry "DEN"]
[SourceTitle "EXT 2023"]
[Source "ChessBase"]
[SourceDate "2022.10.05"]
[SourceVersion "1"]
[SourceVersionDate "2022.10.05"]
[SourceQuality "1"]

1. d4 Nf6 2. c4 e6 3. Nc3 Bb4 4. Bg5 c5 5. d5 Bxc3+ 6. bxc3 d6 7. f3 Qe7 8. e4 0-0 9. Ne2 Nbd7 10. Qd2 Ne5 11. Ng3 h6 12. Be3 b6 13. f4 Neg4 14. dxe6 Qxe6 15. f5 Qe7 16. 0-0-0 Nxe3 17. Qxe3 Bb7 18. Bd3 Qe5 19. Bc2 a6 20. Rhe1 b5 21. Qd3 Rfd8 22. Bb3 Bc6 23. Re2 Ra7 24. Rde1 Re7 25. Kc2 h5 26. h4 bxc4 27. Bxc4 Bb5 28. Re3 Ng4 29. Rf3 Nh2 30. Rfe3 Ng4 31. Rf3 Nh2 1/2-1/2

[Event "Taastrup op"]
[Site "Taastrup"]
[Date "2000.01.28"]
[Round "4"]
[White "Simonsen, Per"]
[Black "Holst, Thorsten"]
[Result "1-0"]
[WhiteElo "1901"]
[BlackElo "1411"]
[PlyCount "31"]
[EventDate "2000.01.21"]
[EventType "swiss"]
[EventRounds "9"]
[EventCountry "DEN"]
[SourceTitle "EXT 2001"]
[Source "ChessBase"]
[SourceDate "2000.11.22"]
[SourceVersion "1"]
[SourceVersionDate "2000.11.22"]
[SourceQuality "1"]

1. d4 Nf6 2. c4 g6 3. Nc3 d5 4. cxd5 Nxd5 5. e4 Nxc3 6. bxc3 Bg7 7. Ba3 Nd7 8. e5 0-0 9. f4 c5 10. Qd2 Qa5 11. Bb2 cxd4 12. Nf3 Nc5 13. cxd4 Qxd2+ 14. Nxd2 Na4 15. Ba3 Re8 16. Bb5 1-0